| 000 | 00672nam a2200205Ia 4500 | ||
|---|---|---|---|
| 999 |
_c5595 _d5595 |
||
| 003 | GCL | ||
| 005 | 20240530095250.0 | ||
| 008 | 140319s9999 xx 000 0 ara d | ||
| 040 |
_aGCL / _cGCL |
||
| 082 | 0 | 4 |
_a728 _bم م |
| 100 | 1 | _aمكرم بعينى | |
| 245 | 1 | 2 |
_aالمجمعات السكنية : _bالحديثة والمعاصرة / _cمكرم بعينى |
| 250 | _aالاولى | ||
| 260 |
_aبيروت : _bدار قابس للطباعة والنشر والتوزيع ، _c2002 |
||
| 300 |
_a168 ص ؛ _c40 سم |
||
| 650 | 0 | 4 | _aالمساكن |
| 650 | 0 | 4 | _aالعمارة المنزلية |
| 650 | 0 | 4 | _aالمجتمعات السكنية |
| 942 |
_2ddc _cBK |
||